00225 a2200097 450000100060000008200150000610000190002124500490004026000290008930000090011863249 a355.02 TER aTerraine, John aWhite heat: The new warfare 1914-18hEnglish aLondonbBook Club London a352p